[Event "AUT-ch Rapid"]
[Site "Graz"]
[Date "2021.06.05"]
[Round "8"]
[White "Wandl, Werner"]
[Black "Danner, Georg"]
[Result "0-1"]
[WhiteElo "1983"]
[BlackElo "2302"]
[PlyCount "86"]
[EventDate "2021.06.04"]
[EventType "swiss (rapid)"]
[EventRounds "9"]
[EventCountry "AUT"]
[SourceTitle "CBM 202 Extra"]
[Source "ChessBase"]
[SourceDate "2021.07.31"]
[SourceVersion "1"]
[SourceVersionDate "2021.07.31"]
[SourceQuality "1"]

1. d4 c5 2. e3 e6 3. Nf3 Nf6 4. b3 b6 5. Bb2 Be7 6. Bd3 d5 7. Ne5 0-0 8. 0-0 Qc7 9. Nd2 Ba6 10. c4 dxc4 11. bxc4 Bb7 12. g4 Nfd7 13. f4 Nxe5 14. dxe5 Nc6 15. g5 g6 16. Ne4 Nb4 17. Bb1 Rfd8 18. Qe2 Qd7 19. Nf2 Qd2 20. Qxd2 Rxd2 21. Bc3 Rd7 22. a3 Nc6 23. Bc2 Rad8 24. Rad1 Kf8 25. Ne4 Rxd1 26. Rxd1 Rxd1+ 27. Bxd1 Nxe5 28. Bxe5 Bxe4 29. Ba4 a6 30. Bc7 Bd3 31. Bxb6 Bxc4 32. Kf2 Bb5 33. Bc2 Ke8 34. Ke1 Kd7 35. Be4 c4 36. Kd2 Bxa3 37. Kc3 Kd6 38. Bd4 a5 39. Be5+ Kd7 40. Bf3 Bc5 41. Be2 Bxe3 42. Bxc4 Bxc4 43. Kxc4 Kc6 0-1

[Event "Graz op-A"]
[Site "Graz"]
[Date "2020.02.18"]
[Round "5"]
[White "Blohberger, Felix"]
[Black "Danner, Georg"]
[Result "1-0"]
[WhiteElo "2448"]
[BlackElo "2295"]
[PlyCount "57"]
[EventDate "2020.02.14"]
[EventType "swiss"]
[EventRounds "9"]
[EventCountry "AUT"]
[SourceTitle "CBM 195 Extra"]
[Source "ChessBase"]
[SourceDate "2020.05.31"]
[SourceVersion "1"]
[SourceVersionDate "2020.05.31"]
[SourceQuality "1"]

1. d4 c5 2. d5 g6 3. e4 Bg7 4. Nc3 d6 5. Bb5+ Bd7 6. a4 Nf6 7. Nf3 0-0 8. 0-0 Bg4 9. Be2 Bxf3 10. Bxf3 Na6 11. Bg5 Nc7 12. Qd2 a6 13. Rae1 Nd7 14. Be2 Rb8 15. f4 f6 16. Bh4 b5 17. b3 bxa4 18. Nxa4 Rb4 19. Bc4 Nb6 20. Nxb6 Rxb6 21. e5 fxe5 22. fxe5 Rxf1+ 23. Kxf1 Nb5 24. Kg1 Bxe5 25. Rxe5 dxe5 26. Bxe7 Qd7 27. d6+ Kg7 28. Qd5 Rxd6 29. Qxe5+ 1-0

[Event "Graz op-A"]
[Site "Graz"]
[Date "2020.02.15"]
[Round "2"]
[White "Kilgus, Georg"]
[Black "Danner, Georg"]
[Result "1-0"]
[WhiteElo "2450"]
[BlackElo "2295"]
[PlyCount "83"]
[EventDate "2020.02.14"]
[EventType "swiss"]
[EventRounds "9"]
[EventCountry "AUT"]
[SourceTitle "CBM 195 Extra"]
[Source "ChessBase"]
[SourceDate "2020.05.31"]
[SourceVersion "1"]
[SourceVersionDate "2020.05.31"]
[SourceQuality "1"]

1. d4 c5 2. d5 g6 3. e4 Bg7 4. c4 d6 5. Nc3 Nf6 6. Bd3 0-0 7. Nge2 e6 8. 0-0 exd5 9. cxd5 Na6 10. Ng3 Nc7 11. Bf4 a6 12. a4 Rb8 13. Qd2 b5 14. axb5 axb5 15. b4 c4 16. Bc2 Ng4 17. h3 Ne5 18. Bg5 Qe8 19. Bh6 f6 20. Bxg7 Kxg7 21. f4 Nf7 22. Nce2 Bd7 23. Ra7 Qc8 24. Rfa1 Ra8 25. Rxa8 Nxa8 26. Qd4 Nc7 27. Qb6 Na8 28. Qa7 Re8 29. Nd4 Kf8 30. Nge2 Nc7 31. Qb6 Na8 32. Qa7 Nc7 33. Nc3 Bxh3 34. f5 gxf5 35. exf5 Bg4 36. Ne6+ Nxe6 37. dxe6 Ng5 38. Qd4 Qd8 39. Qxg4 Qb6+ 40. Kf1 Qe3 41. Nxb5 Qd2 42. Qd4 1-0

[Event "AUT-chT2M 1920"]
[Site "Austria"]
[Date "2020.01.12"]
[Round "9.5"]
[White "Teuschler, Barbara"]
[Black "Danner, Georg"]
[Result "1/2-1/2"]
[WhiteElo "2119"]
[BlackElo "2310"]
[PlyCount "65"]
[EventDate "2019.10.11"]
[EventType "team-tourn"]
[EventRounds "11"]
[EventCountry "AUT"]
[SourceTitle "CBM 194 Extra"]
[Source "ChessBase"]
[SourceDate "2020.03.31"]
[SourceVersion "1"]
[SourceVersionDate "2020.03.31"]
[SourceQuality "1"]
[WhiteTeam "Graz Schachfreunde"]
[BlackTeam "Pinggau Friedberg"]
[WhiteTeamCountry "AUT"]
[BlackTeamCountry "AUT"]

1. e4 c5 2. Nf3 g6 3. d4 Bg7 4. dxc5 Qc7 5. c3 Nf6 6. Na3 Qxc5 7. Be3 Qa5 8. Nc4 Qc7 9. e5 Ng4 10. Bd4 Nc6 11. Nd6+ Kf8 12. Nxf7 Kxf7 13. Ng5+ Ke8 14. Qxg4 Nxd4 15. cxd4 Qa5+ 16. Kd1 d6 17. Qe4 dxe5 18. Bc4 Qb6 19. dxe5 Bf5 20. Qe2 Qd4+ 21. Ke1 Qxe5 22. Rd1 Rc8 23. b3 Qxe2+ 24. Kxe2 Bf6 25. Nf3 a6 26. a4 Kf8 27. Nd4 Rc5 28. Rhe1 Kg7 29. Nxf5+ Rxf5 30. Rd5 Rxd5 31. Bxd5 b6 32. Bc4 a5 33. Rd1 1/2-1/2

[Event "Schilcherland op 3rd"]
[Site "Deutschlandsberg"]
[Date "2019.12.30"]
[Round "4"]
[White "Farago, Sandor"]
[Black "Danner, Georg"]
[Result "1-0"]
[WhiteElo "2206"]
[BlackElo "2311"]
[PlyCount "91"]
[EventDate "2019.12.28"]
[EventType "swiss"]
[EventRounds "9"]
[EventCountry "AUT"]
[SourceTitle "CBM 194 Extra"]
[Source "ChessBase"]
[SourceDate "2020.03.31"]
[SourceVersion "1"]
[SourceVersionDate "2020.03.31"]
[SourceQuality "1"]

1. e4 c5 2. Nf3 g6 3. d4 Bg7 4. dxc5 Qc7 5. c3 Nf6 6. Bd3 Qxc5 7. Be3 Qa5 8. h3 d6 9. 0-0 0-0 10. Nbd2 Nc6 11. Nb3 Qc7 12. Nbd4 Bd7 13. Re1 Rfc8 14. Rc1 a6 15. c4 Nxd4 16. Bxd4 Bc6 17. Qd2 Nd7 18. Bxg7 Kxg7 19. b4 b6 20. Nd4 e5 21. Ne2 a5 22. a3 axb4 23. axb4 Nf8 24. f4 Qe7 25. f5 gxf5 26. Ng3 Bd7 27. Nh5+ Kh8 28. Qh6 f6 29. exf5 Bc6 30. Be4 Nd7 31. Rcd1 Bxe4 32. Rxe4 Rg8 33. Nf4 Rad8 34. Ng6+ Rxg6 35. fxg6 f5 36. Rh4 Nf8 37. g7+ Qxg7 38. Rxd6 Rxd6 39. Qxd6 e4 40. Rf4 e3 41. Rxf5 Nd7 42. Qe6 Qa1+ 43. Kh2 Qd4 44. Qe8+ Kg7 45. Rf7+ Kh6 46. Qe6+ 1-0

[Event "Steyr Landesliga 1920"]
[Site "Austria"]
[Date "2019.11.23"]
[Round "5.2"]
[White "Danner, Georg"]
[Black "Manhardt, Thomas"]
[Result "1/2-1/2"]
[WhiteElo "2314"]
[BlackElo "2286"]
[PlyCount "55"]
[EventDate "2019.09.28"]
[EventType "team-tourn"]
[EventRounds "11"]
[EventCountry "AUT"]
[SourceTitle "CBM 193 Extra"]
[Source "ChessBase"]
[SourceDate "2020.01.31"]
[SourceVersion "1"]
[SourceVersionDate "2020.01.31"]
[SourceQuality "1"]
[WhiteTeam "Pinggau Friedberg"]
[BlackTeam "Graz Styria"]
[WhiteTeamCountry "AUT"]
[BlackTeamCountry "AUT"]

1. d4 f5 2. g3 Nf6 3. Bg2 g6 4. c4 Bg7 5. Nc3 0-0 6. Nf3 d6 7. d5 c5 8. 0-0 Na6 9. Rb1 Nc7 10. a3 a6 11. b4 Nd7 12. Bb2 b5 13. bxc5 Nxc5 14. cxb5 axb5 15. Nxb5 Nxb5 16. Bxg7 Kxg7 17. Rxb5 Bd7 18. Rb2 Rxa3 19. Nd4 Qe8 20. Qc2 Qf7 21. e3 Qf6 22. Rfb1 Rc8 23. Ra2 Rca8 24. Rxa3 Rxa3 25. Qb2 Ra8 26. h4 h6 27. Ra1 Rf8 28. Ra7 1/2-1/2

[Event "St Veit op 38th"]
[Site "St Veit"]
[Date "2019.07.08"]
[Round "4"]
[White "Danner, Georg"]
[Black "Rogic, Davor"]
[Result "0-1"]
[WhiteElo "2327"]
[BlackElo "2498"]
[PlyCount "120"]
[EventDate "2019.07.06"]
[EventType "swiss"]
[EventRounds "9"]
[EventCountry "AUT"]
[SourceTitle "EXT 2020"]
[Source "ChessBase"]
[SourceDate "2019.10.17"]
[SourceVersion "1"]
[SourceVersionDate "2019.10.17"]
[SourceQuality "1"]

1. d4 d5 2. Nf3 Nf6 3. c4 c6 4. e3 g6 5. Nc3 Bg7 6. Bd3 0-0 7. 0-0 e6 8. b3 b6 9. Ba3 Re8 10. Rc1 Nbd7 11. Bd6 Bb7 12. Qe2 Rc8 13. Rfd1 c5 14. cxd5 cxd4 15. Nxd4 exd5 16. b4 Nf8 17. Bg3 Qe7 18. Qb2 Nh5 19. Nce2 Ne6 20. a3 f5 21. Rxc8 Rxc8 22. Rc1 Rf8 23. Rd1 g5 24. f3 f4 25. Bf2 fxe3 26. Bxe3 Nef4 27. Bf2 Nxd3 28. Rxd3 Nf4 29. Nxf4 Rxf4 30. Qe2 Qxe2 31. Nxe2 Rc4 32. Bd4 Bf8 33. Rc3 Kf7 34. Kf2 Bd6 35. h3 Ba6 36. Rxc4 dxc4 37. Nc3 Bb7 38. Nb5 Bb8 39. a4 Ke6 40. Nc3 Bd6 41. b5 h5 42. g4 hxg4 43. hxg4 Be5 44. Bxe5 Kxe5 45. Ke3 Bd5 46. Ne2 Bg8 47. Kd2 Bf7 48. Kc3 Bd5 49. Nd4 Kf4 50. Kd2 Bxf3 51. Kc3 Bd5 52. a5 bxa5 53. Nc6 Kxg4 54. Nxa7 Kf4 55. Kd4 Bf3 56. Nc6 g4 57. Kc5 c3 58. b6 Bxc6 59. Kxc6 c2 60. b7 c1Q+ 0-1

[Event "Graz op-A"]
[Site "Graz"]
[Date "2019.02.24"]
[Round "9"]
[White "Nguyen, Piotr"]
[Black "Danner, Georg"]
[Result "1-0"]
[WhiteElo "2420"]
[BlackElo "2333"]
[PlyCount "73"]
[EventDate "2019.02.17"]
[EventType "swiss"]
[EventRounds "9"]
[EventCountry "AUT"]
[SourceTitle "CBM 189 Extra"]
[Source "ChessBase"]
[SourceDate "2019.06.03"]
[SourceVersion "1"]
[SourceVersionDate "2019.06.03"]
[SourceQuality "1"]

1. Nf3 c5 2. b3 g6 3. Bb2 Nf6 4. c4 Bg7 5. g3 0-0 6. Bg2 Nc6 7. 0-0 d5 8. cxd5 Nxd5 9. Bxg7 Kxg7 10. d4 cxd4 11. Nxd4 Nxd4 12. Qxd4+ Nf6 13. Qe5 Qb6 14. Nc3 Be6 15. Na4 Qb4 16. Nc5 Bd5 17. Qxe7 Qb6 18. Bxd5 Rae8 19. Qxb7 Qxc5 20. Bf3 Re7 21. Qa6 Rd8 22. Rac1 Qf5 23. Qa3 Red7 24. Qc5 Qe6 25. Kg2 h5 26. h4 Ne4 27. Qc6 Nd6 28. Rfd1 Rc8 29. Qd5 Qxd5 30. Bxd5 Rxc1 31. Rxc1 Nf5 32. Rc5 Kf6 33. e4 Nh6 34. f3 Ke7 35. Kf2 f5 36. Ke3 fxe4 37. Bxe4 1-0

[Event "Graz op-A"]
[Site "Graz"]
[Date "2019.02.20"]
[Round "5"]
[White "Georgescu, Lena"]
[Black "Danner, Georg"]
[Result "0-1"]
[WhiteElo "2165"]
[BlackElo "2333"]
[PlyCount "96"]
[EventDate "2019.02.17"]
[EventType "swiss"]
[EventRounds "9"]
[EventCountry "AUT"]
[SourceTitle "CBM 189 Extra"]
[Source "ChessBase"]
[SourceDate "2019.06.03"]
[SourceVersion "1"]
[SourceVersionDate "2019.06.03"]
[SourceQuality "1"]

1. e4 c5 2. Nc3 g6 3. Nf3 Bg7 4. d4 cxd4 5. Nxd4 Nc6 6. Be3 d6 7. Bc4 Nf6 8. f3 Nd7 9. Qd2 Nb6 10. Bb3 Ne5 11. 0-0-0 Nbc4 12. Qe2 Nxe3 13. Qxe3 Nc6 14. Nde2 Be6 15. g4 Qa5 16. Kb1 Bxb3 17. cxb3 Qc5 18. Qd2 Qf2 19. Rdf1 Qh4 20. h3 0-0 21. f4 Rad8 22. Qe3 e6 23. Rd1 Rfe8 24. g5 h6 25. gxh6 Qxh6 26. Qf3 Ne7 27. Ng3 d5 28. e5 Qh4 29. Rhg1 Nc6 30. Nge2 a6 31. Rg4 Qh7 32. h4 b5 33. Ka1 b4 34. Na4 Rc8 35. Rh1 Ne7 36. Nd4 Qh5 37. Qg2 Nf5 38. Nxf5 Qxf5 39. h5 Qxh5 40. Nb6 Rc2 41. Qf3 Rh2 42. Rhg1 Rd8 43. Qg3 Rh1 44. a4 bxa3 45. bxa3 Rb8 46. Rg5 Rxg1+ 47. Qxg1 Qf3 48. Ka2 Qxf4 0-1

[Event "Schilcherland op 2nd"]
[Site "Deutschlandsberg"]
[Date "2019.01.01"]
[Round "5"]
[White "Danner, Georg"]
[Black "Pantev, Veselin"]
[Result "0-1"]
[WhiteElo "2349"]
[BlackElo "2401"]
[PlyCount "74"]
[EventDate "2018.12.29"]
[EventType "swiss"]
[EventRounds "9"]
[EventCountry "AUT"]
[SourceTitle "CBM 188 Extra"]
[Source "ChessBase"]
[SourceDate "2019.02.26"]
[SourceVersion "1"]
[SourceVersionDate "2019.02.26"]
[SourceQuality "1"]

1. d4 Nf6 2. Nf3 e6 3. e3 Nc6 4. Bd3 d6 5. 0-0 e5 6. Nc3 a6 7. dxe5 dxe5 8. Ne4 Bd6 9. Nfg5 Nxe4 10. Nxe4 Be7 11. Bd2 Be6 12. Bc3 0-0 13. Ng3 f5 14. e4 f4 15. Nf5 Bb4 16. g3 Bxc3 17. bxc3 Qf6 18. Qe2 Ne7 19. Nxe7+ Qxe7 20. Rfd1 Qc5 21. c4 Rf6 22. Rd2 Raf8 23. Qe1 Rg6 24. Kg2 Rgf6 25. Rb1 b6 26. Rb3 h5 27. Bf1 h4 28. gxh4 Bxc4 29. Bxc4+ Qxc4 30. Rbd3 f3+ 31. Kh1 Rf4 32. Re3 Qe6 33. Qf1 Rxh4 34. Rdd3 Qh6 35. Qg1 Qh5 36. Rd7 Rg4 37. Qf1 Rg2 0-1

[Event "Schilcherland op 2nd"]
[Site "Deutschlandsberg"]
[Date "2018.12.31"]
[Round "4"]
[White "Perhinig, Robert"]
[Black "Danner, Georg"]
[Result "1/2-1/2"]
[WhiteElo "2256"]
[BlackElo "2349"]
[PlyCount "26"]
[EventDate "2018.12.29"]
[EventType "swiss"]
[EventRounds "9"]
[EventCountry "AUT"]
[SourceTitle "CBM 188 Extra"]
[Source "ChessBase"]
[SourceDate "2019.02.26"]
[SourceVersion "1"]
[SourceVersionDate "2019.02.26"]
[SourceQuality "1"]

1. d4 c5 2. d5 g6 3. c4 Bg7 4. Nc3 d6 5. e4 Nf6 6. Bd3 0-0 7. Nf3 Bg4 8. h3 Bxf3 9. Qxf3 e6 10. 0-0 exd5 11. exd5 Nbd7 12. Bg5 h6 13. Bh4 Qb6 1/2-1/2

[Event "Steyr Landesliga 1819"]
[Site "Austria"]
[Date "2018.11.17"]
[Round "5.2"]
[White "Danner, Georg"]
[Black "Birk, Steffen"]
[Result "1-0"]
[WhiteElo "2341"]
[BlackElo "2224"]
[PlyCount "93"]
[EventDate "2018.10.06"]
[EventType "team-tourn"]
[EventRounds "11"]
[EventCountry "AUT"]
[SourceTitle "CBM 189 Extra"]
[Source "ChessBase"]
[SourceDate "2019.06.03"]
[SourceVersion "1"]
[SourceVersionDate "2019.06.03"]
[SourceQuality "1"]
[WhiteTeam "Pinggau Friedberg"]
[BlackTeam "Graz Schachfreunde"]
[WhiteTeamCountry "AUT"]
[BlackTeamCountry "AUT"]

1. d4 d5 2. Nf3 c6 3. c4 e6 4. Nbd2 Nf6 5. e3 Nbd7 6. Bd3 dxc4 7. Nxc4 b5 8. Nce5 Nxe5 9. Nxe5 Bb7 10. 0-0 a6 11. a4 Bd6 12. Qe2 0-0 13. Bd2 Qe7 14. Rfc1 Rac8 15. Ng4 Nxg4 16. Qxg4 Bb4 17. Bxb4 Qxb4 18. Rc5 Qxb2 19. Rf1 f5 20. Qf4 Rfe8 21. Qd6 Qd2 22. Bc2 Qa5 23. Bb3 Rcd8 24. Qe5 Kh8 25. h4 Rd7 26. h5 Qc7 27. Qxc7 Rxc7 28. Rfc1 Rd7 29. f4 Rd6 30. Kf2 g6 31. Rg1 g5 32. fxg5 f4 33. g3 fxe3+ 34. Kxe3 Kg7 35. Rf1 Red8 36. Rf4 R8d7 37. h6+ Kg8 38. Rcf5 Rd8 39. Rf7 Bc8 40. Rg7+ Kh8 41. Rff7 R6d7 42. Rxh7+ Kg8 43. Rhg7+ Kh8 44. g6 Rxf7 45. Rxf7 Bd7 46. Rh7+ Kg8 47. Rxd7 1-0

[Event "AUT-chT2M 1819"]
[Site "Austria"]
[Date "2018.10.19"]
[Round "1.5"]
[White "Teuschler, Hugo"]
[Black "Danner, Georg"]
[Result "1/2-1/2"]
[WhiteElo "2143"]
[BlackElo "2344"]
[PlyCount "58"]
[EventDate "2018.10.19"]
[EventType "team-tourn"]
[EventRounds "11"]
[EventCountry "AUT"]
[SourceTitle "CBM 186 Extra"]
[Source "ChessBase"]
[SourceDate "2018.08.24"]
[SourceVersion "1"]
[SourceVersionDate "2018.08.24"]
[SourceQuality "1"]
[WhiteTeam "Frauental"]
[BlackTeam "Pinggau Friedberg"]
[WhiteTeamCountry "AUT"]
[BlackTeamCountry "AUT"]

1. e4 c5 2. Nf3 d6 3. d4 cxd4 4. Nxd4 Nf6 5. Nc3 Nc6 6. Bg5 e6 7. Qd2 Be7 8. 0-0-0 0-0 9. f4 e5 10. Nxc6 bxc6 11. fxe5 dxe5 12. Qxd8 Rxd8 13. Rxd8+ Bxd8 14. Bc4 Kf8 15. h3 h6 16. Be3 Bb6 17. Re1 Ke7 18. Na4 Bxe3+ 19. Rxe3 Rb8 20. a3 Nh5 21. Rc3 Nf4 22. Bf1 Bd7 23. Rc5 f6 24. Ra5 Rb7 25. Nc5 Rc7 26. Na6 Rc8 27. Nc5 Rc7 28. Na6 Rc8 29. Nc5 Rc7 1/2-1/2

[Event "Steyr Landesliga 1819"]
[Site "Austria"]
[Date "2018.10.13"]
[Round "2.1"]
[White "Danner, Georg"]
[Black "Diermair, Andreas"]
[Result "1/2-1/2"]
[WhiteElo "2341"]
[BlackElo "2501"]
[PlyCount "60"]
[EventDate "2018.10.06"]
[EventType "team-tourn"]
[EventRounds "11"]
[EventCountry "AUT"]
[SourceTitle "CBM 187 Extra"]
[Source "ChessBase"]
[SourceDate "2018.11.04"]
[SourceVersion "1"]
[SourceVersionDate "2018.11.04"]
[SourceQuality "1"]
[WhiteTeam "Pinggau Friedberg"]
[BlackTeam "Leoben"]
[WhiteTeamCountry "AUT"]
[BlackTeamCountry "AUT"]

1. d4 d5 2. c4 e6 3. e3 Nf6 4. Nf3 b6 5. Bd3 Bb7 6. 0-0 Nbd7 7. b3 Bd6 8. Bb2 0-0 9. Nc3 a6 10. Ne2 dxc4 11. Bxc4 b5 12. Bd3 c5 13. Ng3 cxd4 14. Nxd4 Ne5 15. Be2 Qb6 16. Rc1 Rad8 17. Qc2 Rd7 18. Rfd1 Qd8 19. Nf3 Neg4 20. Ng5 h6 21. Bxg4 hxg5 22. Bf3 Bxf3 23. gxf3 Nd5 24. Qe4 Qe7 25. Qg4 f5 26. Qh5 Ba3 27. Bxa3 Qxa3 28. Qg6 Qe7 29. Nh5 Rfd8 30. Rc6 Qf7 1/2-1/2

[Event "Schwarzacher op 33rd"]
[Site "Schwarzach"]
[Date "2018.07.21"]
[Round "8"]
[White "Kovacevic, Blazimir"]
[Black "Danner, Georg"]
[Result "1-0"]
[WhiteElo "2505"]
[BlackElo "2338"]
[PlyCount "97"]
[EventDate "2018.07.14"]
[EventType "swiss"]
[EventRounds "9"]
[EventCountry "AUT"]
[SourceTitle "EXT 2019"]
[Source "ChessBase"]
[SourceDate "2018.10.10"]
[SourceVersion "1"]
[SourceVersionDate "2018.10.10"]
[SourceQuality "1"]

1. Nf3 c5 2. c4 g6 3. d4 cxd4 4. Nxd4 Nc6 5. e4 Nf6 6. Nc3 d6 7. Nc2 Bg7 8. Be2 0-0 9. 0-0 Be6 10. Re1 Nd7 11. Bd2 Nd4 12. Bf1 Nxc2 13. Qxc2 Ne5 14. b3 Nc6 15. Rad1 Rc8 16. Qb1 Re8 17. Na4 b6 18. Bc3 Qc7 19. Qb2 Bxc3 20. Nxc3 Ne5 21. Nb5 Qb8 22. f4 Nc6 23. Re3 a6 24. Nc3 f6 25. Qf2 Kh8 26. h4 Rg8 27. g3 Rc7 28. Nd5 Rb7 29. Rc3 a5 30. a3 Rg7 31. Bg2 Bg8 32. Rd2 Qd8 33. Ne3 e5 34. Nc2 Be6 35. f5 Bg8 36. fxg6 Rxg6 37. Bh3 Ne7 38. Rcd3 a4 39. bxa4 Qf8 40. Rxd6 Qg7 41. Kh2 Bxc4 42. Ne3 Bg8 43. Nf5 Nxf5 44. Bxf5 Rh6 45. Rd8 Re7 46. Rc2 Qg5 47. Rcc8 Rg7 48. Be6 Rxh4+ 49. gxh4 1-0

[Event "Schwarzacher op 33rd"]
[Site "Schwarzach"]
[Date "2018.07.16"]
[Round "3"]
[White "Danner, Georg"]
[Black "Stevic, Hrvoje"]
[Result "1/2-1/2"]
[WhiteElo "2338"]
[BlackElo "2585"]
[PlyCount "30"]
[EventDate "2018.07.14"]
[EventType "swiss"]
[EventRounds "9"]
[EventCountry "AUT"]
[SourceTitle "EXT 2019"]
[Source "ChessBase"]
[SourceDate "2018.10.10"]
[SourceVersion "1"]
[SourceVersionDate "2018.10.10"]
[SourceQuality "1"]

1. d4 Nf6 2. c4 g6 3. Nc3 Bg7 4. e4 d6 5. Be2 0-0 6. Be3 c5 7. d5 e6 8. Nf3 exd5 9. cxd5 Bg4 10. Nd2 Bxe2 11. Qxe2 Re8 12. 0-0 Nbd7 13. a4 Nb8 14. Bg5 h6 15. Bh4 Nbd7 1/2-1/2

[Event "St Veit op 37th"]
[Site "St Veit"]
[Date "2018.07.12"]
[Round "7"]
[White "Diermair, Andreas"]
[Black "Danner, Georg"]
[Result "1-0"]
[WhiteElo "2508"]
[BlackElo "2338"]
[PlyCount "93"]
[EventDate "2018.07.07"]
[EventType "swiss"]
[EventRounds "9"]
[EventCountry "AUT"]
[SourceTitle "EXT 2019"]
[Source "ChessBase"]
[SourceDate "2018.10.10"]
[SourceVersion "1"]
[SourceVersionDate "2018.10.10"]
[SourceQuality "1"]

1. d4 c5 2. d5 g6 3. e4 Bg7 4. c4 d6 5. Nc3 Nf6 6. h3 0-0 7. Bd3 Na6 8. Nf3 Nc7 9. 0-0 a6 10. a4 Rb8 11. a5 b5 12. axb6 Rxb6 13. Re1 e6 14. Na4 Rb4 15. Bd2 exd5 16. Bxb4 dxe4 17. Ba5 exd3 18. Qxd3 Bf5 19. Qd1 Be6 20. Rc1 Qe7 21. Ng5 Nfe8 22. Ne4 Qd7 23. Bc3 Qc6 24. Bxg7 Kxg7 25. b3 f5 26. Ng5 Rf6 27. Nc3 h6 28. Nxe6+ Rxe6 29. Qd2 Nf6 30. Re3 Rxe3 31. Qxe3 Qe8 32. Qd2 Qf8 33. Rd1 Nfe8 34. Nd5 Nxd5 35. Qxd5 Qe7 36. Qc6 a5 37. Qa8 Qe2 38. Ra1 h5 39. Qxa5 Nf6 40. Re1 Qb2 41. Qc7+ Kh6 42. Qxd6 Ne4 43. Qf4+ Kg7 44. Qe3 h4 45. f3 Ng3 46. Qe5+ Qxe5 47. Rxe5 1-0

[Event "St Veit op 37th"]
[Site "St Veit"]
[Date "2018.07.09"]
[Round "4"]
[White "Danner, Georg"]
[Black "Kosmac, Blaz"]
[Result "1-0"]
[WhiteElo "2338"]
[BlackElo "2193"]
[PlyCount "63"]
[EventDate "2018.07.07"]
[EventType "swiss"]
[EventRounds "9"]
[EventCountry "AUT"]
[SourceTitle "EXT 2019"]
[Source "ChessBase"]
[SourceDate "2018.10.10"]
[SourceVersion "1"]
[SourceVersionDate "2018.10.10"]
[SourceQuality "1"]

1. d4 Nf6 2. c4 g6 3. Nc3 d5 4. Bg5 Ne4 5. Bh4 Nxc3 6. bxc3 Bg7 7. e3 c6 8. Nf3 0-0 9. Be2 Bg4 10. 0-0 Bxf3 11. Bxf3 dxc4 12. Qe2 Qc7 13. Qxc4 e5 14. Rab1 Nd7 15. Rb3 Rfe8 16. Rfb1 Rab8 17. Bg3 Nb6 18. Qb4 f5 19. dxe5 Bxe5 20. Qa5 f4 21. exf4 Bxf4 22. Qxa7 Qe5 23. h3 Bxg3 24. fxg3 Nc4 25. Rxb7 Rxb7 26. Rxb7 Rf8 27. Qd4 Qe1+ 28. Kh2 Ne5 29. Bxc6 h5 30. Bd5+ Kh8 31. Re7 Rf5 32. Be4 1-0

[Event "St Veit op 37th"]
[Site "St Veit"]
[Date "2018.07.08"]
[Round "2"]
[White "Danner, Georg"]
[Black "Kersic, Matej"]
[Result "1/2-1/2"]
[WhiteElo "2338"]
[BlackElo "2122"]
[PlyCount "82"]
[EventDate "2018.07.07"]
[EventType "swiss"]
[EventRounds "9"]
[EventCountry "AUT"]
[SourceTitle "EXT 2019"]
[Source "ChessBase"]
[SourceDate "2018.10.10"]
[SourceVersion "1"]
[SourceVersionDate "2018.10.10"]
[SourceQuality "1"]

1. d4 d5 2. Nf3 Nf6 3. c4 c6 4. e3 Bf5 5. Nc3 e6 6. Nh4 Be4 7. f3 Bg6 8. g3 Nbd7 9. Qb3 Qb6 10. Qxb6 axb6 11. Nxg6 hxg6 12. cxd5 exd5 13. e4 dxe4 14. fxe4 Bb4 15. Bg2 0-0 16. e5 Nd5 17. Bd2 Bxc3 18. bxc3 b5 19. Bxd5 cxd5 20. Ke2 f6 21. exf6 Nxf6 22. Rhf1 Rfe8+ 23. Kd3 b4 24. Rfb1 bxc3 25. Bxc3 Ra3 26. Rxb7 Rea8 27. Rb3 Rxa2 28. Rxa2 Rxa2 29. Bb2 Ra7 30. Rb5 Kf7 31. Ke3 g5 32. h3 Rc7 33. Kd3 Ke6 34. Rb6+ Kf5 35. Ba3 Ra7 36. Bd6 g4 37. hxg4+ Kxg4 38. Be5 Ne4 39. Rg6+ Kf3 40. Rxg7 Rxg7 41. Bxg7 Nxg3 1/2-1/2

[Event "AUT-ch Seniors 65"]
[Site "Deutschlandsberg"]
[Date "2018.04.25"]
[Round "4"]
[White "Hrdina, Karl"]
[Black "Danner, Georg"]
[Result "0-1"]
[WhiteElo "1932"]
[BlackElo "2316"]
[PlyCount "66"]
[EventDate "2018.04.22"]
[EventType "swiss"]
[EventRounds "7"]
[EventCountry "AUT"]
[SourceTitle "CBM 184 Extra"]
[Source "ChessBase"]
[SourceDate "2018.06.28"]
[SourceVersion "1"]
[SourceVersionDate "2018.06.28"]
[SourceQuality "1"]

1. d4 c5 2. e3 g6 3. c3 Nf6 4. Nd2 b6 5. Ngf3 Bg7 6. Be2 0-0 7. 0-0 Ba6 8. Ne5 Qc7 9. Re1 Bxe2 10. Qxe2 Nc6 11. Nxc6 Qxc6 12. b3 d5 13. Bb2 Rfc8 14. c4 Qe6 15. dxc5 Rxc5 16. Bd4 Rc7 17. Rac1 Rac8 18. cxd5 Nxd5 19. Rxc7 Rxc7 20. Bxg7 Kxg7 21. Nf3 a5 22. Qb2+ Qf6 23. Nd4 Nb4 24. Qd2 e5 25. Nf3 Rc2 26. Qd7 e4 27. Nd2 Qc3 28. Rd1 Rc1 29. Nf1 Rxd1 30. Qxd1 Nxa2 31. h3 Qd3 32. Qg4 Nc3 33. Qf4 Ne2+ 0-1

[Event "Graz op-A"]
[Site "Graz"]
[Date "2018.02.23"]
[Round "9"]
[White "Goessler, Markus"]
[Black "Danner, Georg"]
[Result "0-1"]
[WhiteElo "2219"]
[BlackElo "2297"]
[PlyCount "46"]
[EventDate "2018.02.17"]
[EventType "swiss"]
[EventRounds "9"]
[EventCountry "AUT"]
[SourceTitle "CBM 183 Extra"]
[Source "ChessBase"]
[SourceDate "2018.04.19"]
[SourceVersion "1"]
[SourceVersionDate "2018.04.19"]
[SourceQuality "1"]

1. e4 c5 2. Nf3 d6 3. d4 cxd4 4. Nxd4 Nf6 5. Nc3 Nc6 6. Bg5 e6 7. Qd2 Be7 8. 0-0-0 0-0 9. f4 h6 10. h4 e5 11. Nf3 Bg4 12. Bc4 Rc8 13. Bb3 Nd4 14. Rdf1 Nxb3+ 15. axb3 Qa5 16. Bxf6 Bxf6 17. f5 d5 18. Kb1 Bxf3 19. Rxf3 d4 20. g4 dxc3 21. Qg2 Rc6 22. bxc3 Ra6 23. Kc1 Rd8 0-1

[Event "Schilcherland op 1st"]
[Site "Deutschlandsberg"]
[Date "2018.01.03"]
[Round "6"]
[White "Danner, Georg"]
[Black "Smirnov, Artem"]
[Result "0-1"]
[WhiteElo "2291"]
[BlackElo "2393"]
[PlyCount "40"]
[EventDate "2017.12.29"]
[EventType "swiss"]
[EventRounds "9"]
[EventCountry "AUT"]
[SourceTitle "CBM 182 Extra"]
[Source "ChessBase"]
[SourceDate "2018.02.23"]
[SourceVersion "1"]
[SourceVersionDate "2018.02.23"]
[SourceQuality "1"]

1. d4 Nf6 2. Nf3 e6 3. e3 b6 4. Bd3 Bb7 5. 0-0 d5 6. c4 Bd6 7. Nc3 0-0 8. b3 Nbd7 9. Nb5 Be7 10. Bb2 a6 11. Nc3 Bd6 12. Ne2 dxc4 13. Bxc4 b5 14. Bd3 c5 15. Ng3 Bxf3 16. gxf3 cxd4 17. Bxd4 Be5 18. Be2 Nd5 19. f4 Bxd4 20. Qxd4 N7f6 0-1